| 000 | 00349nam a2200121Ia 4500 | ||
|---|---|---|---|
| 008 | 220204s9999 xx 000 0 und d | ||
| 082 |
_a621.38 _bCOO |
||
| 100 | _aCooper, William David | ||
| 245 | 0 | _aElectronic instrumentation and measurement techniques | |
| 260 |
_aDelhi _bPrentice Hall _c1976 |
||
| 650 | _aElectronic instrumentation | ||
| 942 | _cBK | ||
| 999 |
_c24780 _d24780 |
||